01515cam a2200325 i 4500001001000000003000900010005001700019007000300036008004100039040003000080082002900110111016900139245009800308260005600406300002100462336002700483337003300510338002800543500018300571504004100754650008800795650006100883651007900944700002101023700001801044700001901062700001701081700001601098710007501114000004546DO-SdBNP20230508103212.0ta090723s1989 dr 000 0 spa d aDO-SdBNPbspacBNPHUerda 4a304.873097293bC749d2221 aCongreso Internacional sobre Cifras y Políticas de la Migración Dominicana a los Estados Unidosd(24-25 de junio de 1988cSanto Domingo, República Dominicana)10aDominicanos ausentes :bcifras, políticas, condiciones sociales /cE. Georges ... [et al.]. aSanto Domingo :bFundación Friedrich Ebert,c1989 a250 p. ;c22 cm. 2rdacontentatextobtxt 2rdamediaasin mediaciónbn avolumenbnc2rdacarrier a¨Ponencias presentadas en una conferencia internacional sobre cifras y políticas de la migración dominicana a los Estados Unidos los días 24 y 25 de junio de 1988¨.-- p.7 aIncluye referencias bibliográficas 4aDominicanos (república dominicana)zEstados UnidosvCONGRESOS, CONFERENCIAS, ETC. 4aInmigranteszEstados UnidosvCONGRESOS, CONFRENCIAS, ETC 4aEstados UnidosxEmigración E InmigraciónvCONGRESOS, CONFERENCAS, ETC.1 aGeorges, Eugenia1 aLarson, E. M.1 aMahler, S. J. 1 aMitchell, C.1 a Pessar, P. aFondo Para el Avance de las Ciencias Sociales (República Dominicana)